000 00638nam a22002297a 4500
003 UA-OsUOA
001 48025
007 ta
008 20070827b un ||||| |||| 00| 0 ukr d
100 _aУханов И.
090 _a821.161.1
_bУ89
942 _cBK
040 _aUA-OsUOA
_brus
_cUA-OsUOA
_dUA-OsUOA
245 _aЭти редкие свидания
_bПовести и рассказы
300 _a384 с.
955 _a2
041 _arus
080 _a821.161.1
260 _aМ.
_bМолодая гвардия
_c1983
650 7 _a82 Література. Літературознавство
_2UDC
999 _c334136
_d334136